Biobased epoxy vitrimer composites : design, manufacture, properties, applications, and environmental impacts /

Bibliographic Details
Other Authors: Kumar, Sudheer (Editor)
Format: eBook
Language:English
Published: Amsterdam : Elsevier, 2025.
Series:Woodhead Publishing in materials
Subjects:

MARC

Tag First Indicator Second Indicator Subfields
LEADER 00000cam a22000008i 4500
001 in00005673113
006 m o d
007 cr |||||||||||
008 250708s2025 ne o 000 0 eng d
005 20251215130958.8
035 |a (OCoLC)on1533764833 
040 |a UKMGB  |b eng  |e rda  |e pn  |c UKMGB  |d OCLCO  |d YDX  |d OPELS 
020 |a 9780443302985 (electronic bk.) 
020 |a 0443302987  |q ePub ebook 
020 |z 9780443302978 
024 8 |a CIPO000264121 
035 |a (OCoLC)1533764833 
050 4 |a TP248.65.P62 
082 0 4 |a 620.192  |2 23 
245 0 0 |a Biobased epoxy vitrimer composites :  |b design, manufacture, properties, applications, and environmental impacts /  |c edited by Sudheer Kumar [and five others]. 
264 1 |a Amsterdam :  |b Elsevier,  |c 2025. 
300 |a 1 online resource (550 pages). 
336 |a text  |2 rdacontent  |b txt 
337 |a computer  |2 rdamedia  |b c 
338 |a online resource  |2 rdacarrier  |b cr 
490 0 |a Woodhead Publishing in materials 
588 |a Description based on CIP data; resource not viewed. 
650 0 |a Biopolymers. 
650 0 |a Epoxy compounds. 
650 0 |a Polymeric composites. 
650 6 |a Biopolymères.  |0 (CaQQLa)201-0127997 
650 6 |a Époxydes.  |0 (CaQQLa)201-0061846 
650 6 |a Composites polymères.  |0 (CaQQLa)201-0157067 
650 7 |a Biopolymers  |2 fast  |0 (OCoLC)fst00832670 
650 7 |a Epoxy compounds  |2 fast  |0 (OCoLC)fst00914403 
650 7 |a Polymeric composites  |2 fast  |0 (OCoLC)fst01070558 
700 1 |a Kumar, Sudheer,  |e editor. 
776 0 8 |i Print version :  |z 9780443302978 
852 8 |b POD  |z This title is available for the library to purchase for your use. Click the "Purchase It For Me" button to place a request. This item will take 5-10 business days to arrive. 
955 |a Ebook POD title 
961 |m 565731 
999 f f |s 73ae4be5-20ed-4d3d-a6b3-b750e93be840  |i c3f880fd-ab96-44ad-89f5-74fab6853bd0  |t 0 
952 f f |a Texas A&M University  |b College Station  |c Sterling C. Evans Library  |d Purchase on Demand  |t 0  |e TP248.65.P62   |h Library of Congress classification 
998 f f |a TP248.65.P62   |t 0  |l Purchase on Demand